000 00345nam a2200121 4500
999 _c9666
_d9666
008 180713b ||||| |||| 00| 0 eng d
100 _928647
_aReyes, Kaycee
245 _aHands down:
_bHow to manage hand eczema/
_cKaycee Reyes
260 _aPhilippines
_bManila Bulletin
_cc2016
300 _apage C-3.
650 0 _928648
_aSkin.
942 _2ddc
_cPER